| 000 | 00768nam a2200217Ia 4500 | ||
|---|---|---|---|
| 003 | GCL | ||
| 008 | 140319s9999 xx 000 0 ara d | ||
| 040 |
_aGCL / _cGCL |
||
| 082 | 0 | 4 |
_aق _b953.08 _bا ب |
| 100 | 1 | _aاحمد عبدالرازق احمد | |
| 245 | 1 | 0 |
_aالبذل والبرطلة زمن سلاطين المماليك (دراسة عن الرشوة) / _cاحمد عبدالرازق احمد |
| 260 |
_aالقاهرة : _bالهيئة المصرية العامة للكتاب ، _c1979 |
||
| 300 |
_a243 ص ؛ _c24 سم |
||
| 650 | 0 | 4 | _aمصر |
| 650 | 0 | 4 | _aتاريخ |
| 650 | 0 | 4 | _aالاحوال الاجتماعية |
| 650 | 0 | 4 | _aدولة المماليك |
| 650 | 0 | 4 | _aالرشوة |
| 650 | 0 | 4 | _aالفساد السياسى |
| 942 |
_2ddc _cBK |
||
| 999 |
_c38496 _d38496 |
||